000
00301nam a22001337a 4500
008
170404b xxu||||| |||| 00| 0 eng d
020
_a
0024208302
041
_a
eng
080
_2
4TH
_a
574
100
_a
9
101
_a
SHM
245
_a
SOIL FERTILITY AND FERTILIZERS
_c
TISDALE, S.L
942
_2
udc
_c
BK
999
_c
9632
_d
9632